000 00565 a2200193 4500
005 20260421154223.0
008 260421b |||||||| |||| 00| 0 eng d
020 _a9788175960299
_cRs. 380.00
040 _aMAIN
082 _a425(2)
_bM951E
100 _aMurphy, Raymond
245 _aEssential english grammar: Self study reference and practice book for elementary students of english
250 _a2nd
260 _bCambridge University Press
_aNew Delhi
_c2025
300 _a300
650 _aEnglish Language
650 _aEnglish Grammar
942 _cBK
999 _c396446
_d396446